000 00809nam a2200253Ia 4500
003 OSt
005 20220923220704.0
006 a|||||r|||| 00| 0
007 ta
008 220922b |||||||| |||| 00| 0 hin d
024 _a189,167
037 _cTextual
040 _aARTS
_cARTS
_bhin
041 _2hin
_ahin
082 _aO152,2N12,SK, M4
100 _aविष्णु प्रभाकर
_9156271
245 0 _aश्वेत कमल
246 _aShvet kamala
260 _aमेरठ
_b भारतीय साहित्य प्रकाशन
_c1984
300 _a108 पृ.
_ccm.
650 _aहिन्दी साहित्य
_9156264
942 _hO152,2N12,SK, M4
_cTEXL
_2CC
999 _c342020
_d342020